| 000 | 00612nam a2200229 i 4500 | ||
|---|---|---|---|
| 001 | 10226 | ||
| 003 | ES-MaACL | ||
| 005 | 20250930063032.0 | ||
| 007 | t| | ||
| 008 | 950323s1994 sp ||||1| spa d | ||
| 020 | _a84-8151-034-3 | ||
| 080 | _a86-14"19" | ||
| 080 | _a86(Ortiz,F.7 V.01) | ||
| 100 | 0 |
_aOrtiz, Fernando, _d1947- _987555 |
|
| 245 | 1 | 0 |
_aVieja amiga _b: (1975-1993). |
| 260 |
_aGranada : _bComares, _c1994. |
||
| 300 |
_a255 p. ; _c21 cm. |
||
| 490 | 1 |
_aLa veleta ; _v22 |
|
| 830 | 0 |
_aLa veleta ; _v22 _9178640 |
|
| 852 |
_aES-MaACL _jL-17611 _bR.123258 |
||
| 999 |
_c10226 _d10226 |
||